000 00302nam a2200121Ia 4500
008 211105s9999 xx 000 0 und d
020 _aVYASA13751
100 _aDavidson Richard J.
245 4 _aThe Emotional Life Of Your Brain
250 _a\N
260 _bHudson Street Press
_c\N
300 _ap. cm.
999 _c11310
_d11310